000 00689nam a2200241Ia 4500
003 OSt
005 20221005120124.0
006 a|||||r|||| 00| 0
007 ta
008 221004b |||||||| |||| 00| 0 eng d
024 _a63840
037 _cTextual
040 _aCRL
_cCRL
_beng
041 _2eng
_aeng
082 _aW:48, J0
110 _aUnited Nations. Commission on Human Rights
245 0 _aDefinition and classification of minorities
_b Memorandum submitted by the Secretary-General
260 _c1950
650 _aPOLITICAL SCIENCE
700 _aUnited Nations. Commission on Human Rights
942 _hW:48, J0
_cTEXL
_2cc
999 _c1036939
_d1036939